000 01259cab a2200169 4500
001 L129636
008 050506n2005 000 0 eng u
035 _a(Sirsi) u129636
041 _aeng
245 _aFrom science to co-existence, the GM debate rolls on
260 _c2005
490 _aENDS Report
_v(363) April 2005, 29-31 (3)
520 _aReports on the state of GM crops policy in the UK. This follows publication of the final results of the four year Farm Scale Evaluations (FSEs) in March 2005, which crushed the biotechnology industry's hopes of establishing GM crops in Britain. The FSEs comprised the largest experimental study anywhere in the world of the impacts of crop management practices on farmland ecology. Government now believes that no GM crops are likely to come forward for growing in the UK until 2008 at the earliest. Discusses how the policy debate has moved on towards the possibility of broader environmental assessments of all significant crop innovations and the need for the new government to devise arrangements for the co-existence of GM crops with other types of farming.
590 _aIKA190505
690 _aENVIRONMENTAL AND LAND CONSULTANCY-AGRIBUSINESS-BIOTECHNOLOGY-GENETICALLY MODIFIED ORGANISMS
942 _n0
999 _c75194
_d75194